Statistics for Највећи градови у Србији А-Ш

Click here to take the quiz!

General Stats

  • This quiz has been taken 1 578 times
  • The average score is 12 of 30

Answer Stats

СловоБрој становникаГрад / Насеље% Correct
Б1.695.440Београд
100%
Н231.789Нови Сад
90%
К150.835Крагујевац
81%
А24.580Аранђеловац
74%
Ч73.331Чачак
69%
Ш53.919Шабац
68%
С105.681Суботица
67%
Ј37.282Јагодина
66%
З76.511Зрењанин
62%
Л60.288Лесковац
62%
В55.183Врање
58%
П145.149Приштина
55%
Ћ19.471Ћуприја
53%
У52.646Ужице
52%
Ђ40.827Ђаковица
41%
И26.025Инђија
39%
Љ3.226Љиг
33%
Г54.239Гњилане
28%
Д6.278Димитровград
19%
Р30.076Рума
19%
М7.699Мајданпек
16%
Ж9.161Жабаљ
16%
Ф18.641Футог
13%
Е2.736Ердевик
9%
Т19.661Темерин
8%
Њ534Његошево
5%
Ц9.001Црвенка
5%
О15.892Ораховац
5%
Х5.709Хоргош
4%
Џ276Џигољ
1%

Score Distribution

Percentile by Number Answered

Percent of People with Each Score

Your Score History

You have not taken this quiz